States with the Highest Scrabble Scores - Statistics

General Stats
  • This quiz has been taken 105 times
  • The average score is 7 of 10
Answer Stats
Points State % Correct
17 Washington
77%
20 Massachusetts
72%
16 Wyoming
71%
17 Mississippi
67%
16 Arizona
66%
20 Pennsylvania
66%
17 Connecticut
65%
21 Kentucky
62%
17 Oklahoma
61%
16 Michigan
51%
No matching quizzes found
Score Distribution
Percent of People with Each Score
Percentile by Number Answered
Your Score History
You have not taken this quiz